[Event "Lanaudiere U1800"]
[Site "Repentigny CAN"]
[Date "2008.08.17"]
[Round "4"]
[White "Duplessis, Jean-Roch"]
[Black "Valiquette, Simon"]
[Result "0-1"]
[WhiteElo "1621"]
[BlackElo "1539"]
[PlyCount "112"]
[GameId "2160767910336767"]
[EventDate "2008.08.15"]
[EventType "swiss"]
[EventRounds "5"]
[EventCountry "CAN"]

1. e4 c5 2. Nf3 e6 3. c3 Nf6 4. e5 Nd5 5. d4 b6 6. c4 Nc7 7. d5 d6 8. Nc3 Ba6 9. dxe6 Nxe6 10. Nb5 Nc6 11. Nxd6+ Bxd6 12. exd6 O-O 13. Bd3 Ncd4 14. Be4 Re8 15. O-O Bxc4 16. Bxa8 Bxf1 17. Kxf1 Qxa8 18. Nxd4 cxd4 19. Qg4 Qd5 20. Bf4 Qc4+ 21. Kg1 d3 22. d7 Rd8 23. g3 Nxf4 24. Qxf4 Qxf4 25. gxf4 Rxd7 26. Rd1 Kf8 27. Kg2 Ke7 28. Kf3 Kf6 29. Ke4 d2 30. h3 Kg6 31. a3 Kh5 32. a4 Kh4 33. Kf3 f5 34. Ke2 Kxh3 35. Kf3 Kh2 36. b4 Rd3+ 37. Ke2 Rd4 38. Ke3 Re4+ 39. Kf3 Rd4 40. Ke3 Rxb4 41. Rxd2 Rxa4 42. Rd7 Ra3+ 43. Ke2 h5 44. Rxg7 h4 45. Rg4 Ra5 46. Kd3 h3 47. Kd2 Rb5 48. Kc3 a5 49. f3 a4 50. Kc4 Ra5 51. Rg6 a3 52. Rxb6 a2 53. Rb2+ Kg3 54. Rb3 a1=Q 55. Kd3 Qd1+ 56. Kc4 Qd5+ 0-1

[Event "Lanaudiere U1800"]
[Site "Repentigny CAN"]
[Date "2008.08.17"]
[Round "4"]
[White "Germain, Max"]
[Black "Piche, Guy"]
[Result "0-1"]
[WhiteElo "1597"]
[BlackElo "1682"]
[PlyCount "41"]
[GameId "2160767739706529"]
[EventDate "2008.08.15"]
[EventType "swiss"]
[EventRounds "5"]
[EventCountry "CAN"]

1. d4 f5 2. c4 e6 3. Nc3 Bb4 4. Qb3 Bxc3+ 5. Qxc3 Nf6 6. f3 d6 7. Bg5 O-O 8. e3 Qe8 9. Bh4 e5 10. O-O-O a6 11. dxe5 dxe5 12. c5 Bd7 13. Bc4+ Kh8 14. Ne2 Bb5 15. Bg3 Nbd7 16. Bxb5 axb5 17. c6 bxc6 18. Qxc6 Rb8 19. Nc3 b4 20. Nd5 Nxd5 21. Rxd5 {...} 0-1

[Event "Lanaudiere U1800"]
[Site "Repentigny CAN"]
[Date "2008.08.17"]
[Round "4"]
[White "Joanis, Marc-Andre"]
[Black "Breton, Yves"]
[Result "0-1"]
[WhiteElo "1634"]
[BlackElo "1477"]
[PlyCount "90"]
[GameId "2160767910336768"]
[EventDate "2008.08.15"]
[EventType "swiss"]
[EventRounds "5"]
[EventCountry "CAN"]
[SourceTitle "FQE 05"]

1. Nf3 Nf6 2. c4 e6 3. g3 b6 4. Bg2 Bb7 5. O-O Be7 6. Nc3 O-O 7. Re1 Bb4 8. Qb3 c5 9. a3 Bxc3 10. Qxc3 Nc6 11. d4 d6 12. Rd1 Qe7 13. b3 e5 14. d5 Nd4 15. Nxd4 exd4 16. Qc2 Rae8 17. e3 Bc8 18. Bd2 Ng4 19. exd4 Qe2 20. Rf1 g6 21. dxc5 Bf5 22. Qc3 bxc5 23. Bf3 Qe5 24. Qa5 Qb2 25. Qc3 Qxc3 26. Bxc3 Ne5 27. Bg2 Bc2 28. f4 Ng4 29. b4 Re3 30. Be1 Bd3 31. bxc5 Bxf1 32. Bxf1 dxc5 33. h3 Rfe8 34. Bf2 Nxf2 35. Kxf2 Rb3 36. a4 Ree3 37. d6 Kf8 38. d7 Ke7 39. Rd1 Kd8 40. Rd6 Re7 41. Rc6 Rxd7 42. Rxc5 Rd2+ 43. Be2 Rc3 44. Ke1 Ra2 45. Ra5 Re3 0-1

[Event "Lanaudiere U1800"]
[Site "Repentigny CAN"]
[Date "2008.08.17"]
[Round "4"]
[White "Martin, Robert"]
[Black "Bedard, Michel"]
[Result "1/2-1/2"]
[WhiteElo "1554"]
[BlackElo "1588"]
[PlyCount "103"]
[GameId "2160767910336769"]
[EventDate "2008.08.15"]
[EventType "swiss"]
[EventRounds "5"]
[EventCountry "CAN"]
[SourceTitle "hb 2016"]

1. d4 d5 2. c4 c6 3. Nf3 Nf6 4. Nc3 a6 5. e3 Bf5 6. Bd3 e6 7. Bxf5 exf5 8. cxd5 Nxd5 9. Bd2 g6 10. Qe2 Bg7 11. O-O O-O 12. Na4 Nd7 13. Rac1 Re8 14. Nc5 Nxc5 15. Rxc5 Re6 16. Rfc1 h6 17. Qd3 Nf6 18. Qb3 Ne4 19. R5c2 Qd7 20. Be1 Rae8 21. Rd1 Rd6 22. Bb4 Rd5 23. Nd2 Nxd2 24. Bxd2 g5 25. Rc5 Rxc5 26. dxc5 Rd8 27. Kf1 Bf8 28. Qc4 Qd5 29. Qxd5 Rxd5 30. b4 a5 31. Ke2 axb4 32. Bxb4 Rxd1 33. Kxd1 Kg7 34. Bc3+ f6 35. Bd4 Kf7 36. Ke2 Ke6 37. Kd3 Kd5 38. Bxf6 Bxc5 39. Bg7 h5 40. Bf6 g4 41. f3 Bd6 42. h3 b5 43. hxg4 hxg4 44. Bg7 c5 45. e4+ Ke6 46. exf5+ Kxf5 47. fxg4+ Kxg4 48. Ke4 Kg3 49. Be5+ Bxe5 50. Kxe5 Kxg2 51. Kd5 c4 52. Kd4 1/2-1/2

[Event "Lanaudiere U1800"]
[Site "Repentigny CAN"]
[Date "2008.10.17"]
[Round "4"]
[White "Bergeron, Roland"]
[Black "Metthe, Sylvain"]
[Result "1-0"]
[WhiteElo "1422"]
[BlackElo "1220"]
[PlyCount "69"]
[GameId "2160767910336770"]
[EventDate "2008.08.15"]
[EventType "swiss"]
[EventRounds "5"]
[EventCountry "CAN"]
[SourceTitle "FQE 05"]

1. f4 e6 2. Nf3 d6 3. e3 Nf6 4. b3 Nbd7 5. Bb2 b6 6. Be2 Bb7 7. O-O g6 8. Nc3 d5 9. h3 Bg7 10. Ne5 Nxe5 11. fxe5 Nd7 12. d4 O-O 13. Ba3 Re8 14. Bd3 Qg5 15. Qf3 f5 16. exf6 Nxf6 17. Nb5 Rec8 18. Bc1 Nd7 19. Qf7+ Kh8 20. Qxd7 Rf8 21. Nxc7 Bc8 22. Rxf8+ Bxf8 23. Qe8 Qe7 24. Qxe7 Bxe7 25. Nxa8 Bd6 26. Nxb6 axb6 27. e4 Kg7 28. exd5 exd5 29. Bg5 Bc7 30. Re1 Bd6 31. Bd8 Bb4 32. Re2 Kf7 33. Bxb6 Be6 34. a4 Bc3 35. a5 1-0

[Event "Lanaudiere U1800"]
[Site "Repentigny CAN"]
[Date "2008.10.17"]
[Round "4"]
[White "Dumont, Felix"]
[Black "Miron, Gilles"]
[Result "1-0"]
[WhiteElo "1510"]
[BlackElo "1393"]
[PlyCount "105"]
[GameId "2160767910336771"]
[EventDate "2008.08.15"]
[EventType "swiss"]
[EventRounds "5"]
[EventCountry "CAN"]
[SourceTitle "FQE 05"]

1. c4 Nf6 2. Nc3 e6 3. g3 d5 4. cxd5 exd5 5. d4 Bf5 6. Bg2 c6 7. Nf3 Bd6 8. O-O O-O 9. Nh4 Bg4 10. h3 Be6 11. Rb1 Qc7 12. Kh2 Nh5 13. Qe1 Re8 14. b4 Be7 15. Nf3 Nd7 16. b5 Nhf6 17. bxc6 bxc6 18. Bf4 Bd6 19. Bxd6 Qxd6 20. Qd2 Nb6 21. Ne5 Nfd7 22. f4 f6 23. Nxd7 Qxd7 24. Qd3 Nc4 25. f5 Bf7 26. Nd1 Qc7 27. Nb2 Re3 28. Qc2 Qxg3+ 29. Kg1 Rc3 30. Qa4 Qe3+ 31. Kh1 Nxb2 32. Rxb2 Rc4 33. Qa6 Qxd4 34. Rfb1 Rc1+ 35. Rxc1 Qxb2 36. Qxc6 Rd8 37. Qc7 Qb8 38. Qxb8 Rxb8 39. Rc7 h6 40. Rxa7 Rb1+ 41. Kh2 d4 42. Be4 Rb2 43. Bd3 Bxa2 44. Rxa2 Rxa2 45. Bc4+ Kf8 46. Bxa2 Ke7 47. Kg3 Kd6 48. Bc4 Ke5 49. Bd3 Kd6 50. Kh4 Ke7 51. Kh5 Kf7 52. Bc4+ Kf8 53. Kg6 1-0

[Event "Lanaudiere U1800"]
[Site "Repentigny CAN"]
[Date "2008.08.17"]
[Round "5"]
[White "Louis, Jean-Kenel"]
[Black "Girard, Sylvain"]
[Result "1-0"]
[WhiteElo "1539"]
[BlackElo "1480"]
[PlyCount "77"]
[GameId "2160767739706530"]
[EventDate "2008.08.15"]
[EventType "swiss"]
[EventRounds "5"]
[EventCountry "CAN"]

1. e4 Nf6 2. d3 e5 3. Nf3 Nc6 4. g3 Bb4+ 5. c3 Bc5 6. Bg2 h6 7. O-O d6 8. a4 a5 9. h3 Be6 10. Be3 Qd7 11. Kh2 Rd8 12. d4 exd4 13. cxd4 Qe7 14. d5 Bc8 15. dxc6 Bxe3 16. fxe3 Nxe4 17. Nd4 d5 18. cxb7 Bxb7 19. Nf5 Qe5 20. Qd4 Qxd4 21. exd4 O-O 22. Re1 Rfe8 23. Nc3 Bc8 24. Ne3 c6 25. g4 g6 26. Rad1 Rd7 27. Bxe4 dxe4 28. d5 c5 29. Kg3 Ba6 30. Ng2 f5 31. gxf5 gxf5 32. Kf4 Rf8 33. Ne3 Rf6 34. Rg1+ Kh7 35. Rg3 Rg7 36. Rdg1 Rgf7 37. Rg6 Bc8 38. Rxf6 Rxf6 39. Ne2 {...} 1-0

[Event "Lanaudiere U1800"]
[Site "Repentigny CAN"]
[Date "2008.08.17"]
[Round "5"]
[White "Luo, Zhao Yang"]
[Black "Dumont, Felix"]
[Result "1/2-1/2"]
[WhiteElo "1638"]
[BlackElo "1510"]
[PlyCount "51"]
[GameId "2160767910336772"]
[EventDate "2008.08.15"]
[EventType "swiss"]
[EventRounds "5"]
[EventCountry "CAN"]
[SourceTitle "FQE 05"]

1. d4 Nf6 2. c4 g6 3. Nc3 Bg7 4. e4 d6 5. f4 O-O 6. Nf3 Bg4 7. Be2 Ne8 8. O-O Nc6 9. Be3 a5 10. h3 Bd7 11. a3 Qc8 12. d5 Nb8 13. Rc1 Na6 14. e5 Bxh3 15. gxh3 Qxh3 16. Rf2 dxe5 17. fxe5 Bxe5 18. Nxe5 Qxe3 19. Nd7 Qg3+ 20. Rg2 Qe3+ 21. Kf1 Qf4+ 22. Rf2 Qh4 23. Ke1 Nc5 24. Nxc5 Qh1+ 25. Rf1 Qh4+ 26. Rf2 1/2-1/2

[Event "Lanaudiere U1800"]
[Site "Repentigny CAN"]
[Date "2008.08.17"]
[Round "5"]
[White "Piche, Guy"]
[Black "Breton, Yves"]
[Result "1-0"]
[WhiteElo "1682"]
[BlackElo "1437"]
[PlyCount "57"]
[GameId "2160767910336773"]
[EventDate "2008.08.15"]
[EventType "swiss"]
[EventRounds "5"]
[EventCountry "CAN"]
[SourceTitle "FQE 05"]

1. f4 d5 2. e3 Nf6 3. Nf3 e6 4. b3 Bd6 5. Bb2 O-O 6. Nc3 c5 7. Nb5 Be7 8. d4 a6 9. Nc3 Nc6 10. a3 b5 11. Ne5 Qc7 12. g4 b4 13. Na4 Nxe5 14. dxe5 Ne4 15. g5 Bd7 16. axb4 cxb4 17. Bd3 Bxa4 18. Rxa4 Qb6 19. Bd4 Bc5 20. Bxe4 dxe4 21. Qd2 Rac8 22. O-O Rfd8 23. Rd1 Bxd4 24. exd4 Rc3 25. Kg2 e3 26. Qe2 Qc6+ 27. Kg3 Rxc2 28. Qf3 e2 29. Qxc6 1-0

[Event "Lanaudiere U1800"]
[Site "Repentigny CAN"]
[Date "2008.08.17"]
[Round "5"]
[White "Trottier, Emile"]
[Black "Beladel, Brahim"]
[Result "1-0"]
[WhiteElo "1603"]
[BlackElo "1725"]
[PlyCount "58"]
[GameId "2160767910336774"]
[EventDate "2008.08.15"]
[EventType "swiss"]
[EventRounds "5"]
[EventCountry "CAN"]
[SourceTitle "FQE 05"]

1. e4 e5 2. Nf3 Nf6 3. Nxe5 Qe7 4. Nf3 Qxe4+ 5. Qe2 Be7 6. Nc3 Qxe2+ 7. Bxe2 O-O 8. d3 c6 9. Bg5 d5 10. O-O-O b5 11. d4 a5 12. Rhe1 h6 13. Bh4 g5 14. Bg3 Bb4 15. Bd3 Bg4 16. h4 Nbd7 17. hxg5 hxg5 18. Rh1 Bxc3 19. bxc3 Ne4 20. Rh6 f6 21. Rdh1 Kf7 22. Nd2 Nxg3 23. fxg3 Ke7 24. Re1+ Kd6 25. Nf3 Kc7 26. Nh2 f5 27. Nxg4 fxg4 28. Ree6 b4 29. Rxc6+ Kb7 1-0

[Event "Lanaudiere U1800"]
[Site "Repentigny CAN"]
[Date "2008.08.17"]
[Round "5"]
[White "Valiquette, Simon"]
[Black "Cote, Etienne"]
[Result "1/2-1/2"]
[WhiteElo "1539"]
[BlackElo "1439"]
[PlyCount "81"]
[GameId "2160767910336775"]
[EventDate "2008.08.15"]
[EventType "swiss"]
[EventRounds "5"]
[EventCountry "CAN"]

1. e4 c5 2. Nf3 e6 3. d4 cxd4 4. Nxd4 Nf6 5. Nc3 Nc6 6. a3 d5 7. exd5 Nxd5 8. Nxc6 bxc6 9. Be2 Nxc3 10. Qxd8+ Kxd8 11. bxc3 Be7 12. O-O Bf6 13. Rd1+ Ke7 14. Rb1 Rd8 15. Rxd8 Kxd8 16. Bf3 Bd7 17. c4 Kc8 18. Be3 Rb8 19. Rb3 Be7 20. Bxa7 Rxb3 21. cxb3 Bxa3 22. Bd4 g6 23. Be3 c5 24. Kf1 Kc7 25. Ke1 Bc6 26. Bxc6 Kxc6 27. Kd2 Kd6 28. Kc2 e5 29. Kb1 f5 30. Bd2 e4 31. Ka2 Bb4 32. Bxb4 cxb4 33. Kb2 f4 34. Kc2 g5 35. g3 Ke5 36. gxf4+ gxf4 37. Kd2 Kd4 38. Ke2 Ke5 39. Kd2 Kd4 40. Ke2 Kc5 41. Kd2 1/2-1/2

[Event "Leap Year op"]
[Site "Vancouver CAN"]
[Date "2008.02.29"]
[Round "1.4"]
[White "Milicevic, Dragoljub"]
[Black "Botez, Alexandra"]
[Result "1-0"]
[WhiteElo "2143"]
[BlackElo "1841"]
[PlyCount "63"]
[GameId "2160767910413353"]
[EventDate "2008.02.29"]
[EventType "swiss"]
[EventRounds "5"]
[EventCountry "CAN"]
[SourceTitle "EXT 2011"]
[Source "ChessBase"]
[SourceDate "2011.11.26"]
[SourceVersion "1"]
[SourceVersionDate "2011.11.26"]
[SourceQuality "1"]

1. Nf3 f5 2. c4 g6 3. Nc3 Bg7 4. d4 Nf6 5. g3 d6 6. Bg2 O-O 7. O-O Qe8 8. d5 a5 9. Re1 Na6 10. e4 fxe4 11. Nxe4 Nxe4 12. Rxe4 Bf5 13. Re1 Nc5 14. Bg5 e5 15. dxe6 Bxe6 16. Nd4 Bxd4 17. Qxd4 Qf7 18. Rac1 Rab8 19. Bh6 Rfe8 20. Re3 Nd7 21. f4 Nf6 22. h3 b5 23. Bg5 Kg7 24. cxb5 Re7 25. a4 h6 26. Rce1 hxg5 27. fxg5 Rf8 28. g4 Rfe8 29. Rf1 Kh7 30. gxf6 c5 31. bxc6 Rc7 32. Rfe1 1-0

[Event "Leap Year op"]
[Site "Vancouver CAN"]
[Date "2008.03.01"]
[Round "2.1"]
[White "Lee, Vicente jr."]
[Black "Leblanc, Paul"]
[Result "1-0"]
[WhiteElo "2355"]
[BlackElo "1947"]
[PlyCount "81"]
[GameId "2160767910413354"]
[EventDate "2008.02.29"]
[EventType "swiss"]
[EventRounds "5"]
[EventCountry "CAN"]

1. e4 c6 2. d4 d5 3. Nc3 dxe4 4. Nxe4 Nf6 5. Nxf6+ gxf6 6. Bc4 Bf5 7. Ne2 e6 8. c3 Bd6 9. Ng3 Bg6 10. Qf3 Nd7 11. Bh6 Rg8 12. h4 Qc7 13. h5 Bc2 14. Rc1 Rxg3 15. fxg3 Bxg3+ 16. Kd2 Bf5 17. Bd3 Bxd3 18. Qxd3 O-O-O 19. Kc2 f5 20. Bg5 Rg8 21. Qd2 f6 22. Be3 Nb6 23. Qe2 e5 24. Rcf1 f4 25. Bxf4 Bxf4 26. Rxf4 Qf7 27. dxe5 Qxa2 28. exf6 Na4 29. Rxa4 Qxa4+ 30. Kb1 Qb3 31. Rf1 Rf8 32. f7 Qd5 33. g4 a5 34. Qe8+ Qd8 35. Qxd8+ Kxd8 36. g5 Ke7 37. g6 hxg6 38. hxg6 b5 39. b3 a4 40. bxa4 bxa4 41. Ka2 1-0

[Event "Leap Year op"]
[Site "Vancouver CAN"]
[Date "2008.03.01"]
[Round "2.2"]
[White "Spears, Nicholas"]
[Black "Cheng, Jack"]
[Result "1-0"]
[WhiteElo "2157"]
[BlackElo "1894"]
[PlyCount "43"]
[GameId "2160767910413355"]
[EventDate "2008.02.29"]
[EventType "swiss"]
[EventRounds "5"]
[EventCountry "CAN"]
[SourceTitle "EXT 2011"]
[Source "ChessBase"]
[SourceDate "2011.11.26"]
[SourceVersion "1"]
[SourceVersionDate "2011.11.26"]
[SourceQuality "1"]

1. d4 Nf6 2. c4 g6 3. Nf3 Bg7 4. g3 O-O 5. Bg2 d6 6. O-O Nc6 7. Nc3 e5 8. dxe5 dxe5 9. Bg5 Qxd1 10. Rfxd1 Be6 11. Nd5 Ne8 12. Ne7+ Kh8 13. Nxc6 bxc6 14. Rac1 Rb8 15. b3 e4 16. Nd4 Bxd4 17. Rxd4 f5 18. f3 c5 19. Rd2 exf3 20. exf3 Nf6 21. Re1 Rbe8 22. Rde2 1-0

[Event "Leap Year op"]
[Site "Vancouver CAN"]
[Date "2008.03.01"]
[Round "2.3"]
[White "Harris, Philip"]
[Black "Milicevic, Dragoljub"]
[Result "0-1"]
[WhiteElo "1893"]
[BlackElo "2143"]
[PlyCount "66"]
[GameId "2160767910413356"]
[EventDate "2008.02.29"]
[EventType "swiss"]
[EventRounds "5"]
[EventCountry "CAN"]
[SourceTitle "EXT 2011"]
[Source "ChessBase"]
[SourceDate "2011.11.26"]
[SourceVersion "1"]
[SourceVersionDate "2011.11.26"]
[SourceQuality "1"]

1. e4 g6 2. d4 Bg7 3. Nf3 d6 4. Be2 Bg4 5. Be3 Nc6 6. c3 e5 7. Qa4 Bd7 8. Qb3 Nf6 9. Nbd2 O-O 10. O-O b6 11. Rfe1 h6 12. Rad1 Qe7 13. Bb5 a6 14. Bxc6 Bxc6 15. d5 Bd7 16. c4 Ng4 17. Nf1 Nxe3 18. Rxe3 f5 19. exf5 gxf5 20. Nd4 f4 21. Ree1 Qf6 22. Ne6 Bxe6 23. dxe6 Qxe6 24. Nd2 b5 25. Rc1 Rf7 26. Qf3 Rb8 27. b3 bxc4 28. Nxc4 d5 29. Na5 e4 30. Rc6 Qf5 31. Qe2 f3 32. gxf3 exf3 33. Qe6 Qg5+ 0-1

[Event "Leap Year op"]
[Site "Vancouver CAN"]
[Date "2008.03.01"]
[Round "2.4"]
[White "Daswani, Benedict"]
[Black "Kelman, Sean"]
[Result "1-0"]
[WhiteElo "2053"]
[BlackElo "1860"]
[PlyCount "121"]
[GameId "2160767910413357"]
[EventDate "2008.02.29"]
[EventType "swiss"]
[EventRounds "5"]
[EventCountry "CAN"]
[SourceTitle "EXT 2011"]
[Source "ChessBase"]
[SourceDate "2011.11.26"]
[SourceVersion "1"]
[SourceVersionDate "2011.11.26"]
[SourceQuality "1"]

1. c4 e5 2. g3 c6 3. Bg2 Bc5 4. Nc3 Ne7 5. Nf3 d6 6. e3 Bg4 7. d4 exd4 8. exd4 Bb4 9. O-O Bxc3 10. bxc3 Nd7 11. Qd3 O-O 12. Nd2 Bf5 13. Qe2 Re8 14. Re1 Ng6 15. Qxe8+ Qxe8 16. Rxe8+ Rxe8 17. Ba3 Re2 18. Nf1 Nb6 19. Ne3 Bd3 20. Bf1 Rxe3 21. fxe3 Bxf1 22. Kxf1 Nxc4 23. Bc1 f5 24. Rb1 b6 25. Ke2 Ne7 26. Kd3 d5 27. h3 h6 28. Bd2 Nc8 29. g4 fxg4 30. hxg4 N8d6 31. Rf1 Ne4 32. Be1 g5 33. Rf3 Kg7 34. Bg3 b5 35. Be5+ Kg8 36. Bf6 Nb2+ 37. Kc2 Nc4 38. Be7 Kg7 39. Bf8+ Kg6 40. Rh3 Nf6 41. Rxh6+ Kf7 42. Bc5 Nxe3+ 43. Kb3 Nexg4 44. Rh8 Ng8 45. Rh7+ Ke6 46. Rg7 N8f6 47. Rxg5 a5 48. a4 Nf2 49. Re5+ Kd7 50. Re7+ Kc8 51. Re6 bxa4+ 52. Kxa4 N6e4 53. Kxa5 Nxc3 54. Kb6 Kd7 55. Re7+ Kd8 56. Kxc6 Nfe4 57. Re6 Nxc5 58. dxc5 Ne4 59. Kxd5 Nc3+ 60. Kc6 Na4 61. Re2 1-0

[Event "Leap Year op"]
[Site "Vancouver CAN"]
[Date "2008.03.01"]
[Round "2.5"]
[White "Kostin, Andrey"]
[Black "Sabaratnam, Thiruvaran"]
[Result "1-0"]
[WhiteElo "2007"]
[BlackElo "1526"]
[PlyCount "57"]
[GameId "2160767910413358"]
[EventDate "2008.02.29"]
[EventType "swiss"]
[EventRounds "5"]
[EventCountry "CAN"]
[SourceTitle "EXT 2011"]
[Source "ChessBase"]
[SourceDate "2011.11.26"]
[SourceVersion "1"]
[SourceVersionDate "2011.11.26"]
[SourceQuality "1"]

1. e4 e5 2. Nf3 Nc6 3. Bb5 Nf6 4. d3 d6 5. O-O Bd7 6. c3 Be7 7. Re1 O-O 8. Nbd2 a6 9. Ba4 b5 10. Bb3 Be6 11. Bc2 Bg4 12. h3 Bh5 13. Nf1 b4 14. Ba4 Na7 15. cxb4 Rb8 16. a3 Nb5 17. Ng3 Bxf3 18. Qxf3 Nd4 19. Qd1 Nd7 20. Ne2 f5 21. Nxd4 exd4 22. Qb3+ Kh8 23. exf5 Nb6 24. Bc6 d5 25. g4 Qd6 26. Re6 Qd8 27. Bf4 Rf6 28. Rae1 Rf7 29. Be5 1-0

[Event "Leap Year op"]
[Site "Vancouver CAN"]
[Date "2008.03.01"]
[Round "3.1"]
[White "Milicevic, Dragoljub"]
[Black "Lee, Vicente jr."]
[Result "1/2-1/2"]
[WhiteElo "2143"]
[BlackElo "2355"]
[PlyCount "31"]
[GameId "2160767910413359"]
[EventDate "2008.02.29"]
[EventType "swiss"]
[EventRounds "5"]
[EventCountry "CAN"]

1. Nf3 d5 2. g3 Bg4 3. Bg2 c6 4. b3 f6 5. d4 Nd7 6. Bb2 e6 7. Nbd2 f5 8. h3 Bh5 9. c4 Bd6 10. Rc1 Ngf6 11. Ne5 O-O 12. f4 Ne4 13. Nxe4 fxe4 14. O-O Qe7 15. c5 Bc7 16. Qd2 1/2-1/2

[Event "Leap Year op"]
[Site "Vancouver CAN"]
[Date "2008.03.01"]
[Round "3.2"]
[White "Daswani, Benedict"]
[Black "Spears, Nicholas"]
[Result "1/2-1/2"]
[WhiteElo "2053"]
[BlackElo "2157"]
[PlyCount "46"]
[GameId "2160767910413360"]
[EventDate "2008.02.29"]
[EventType "swiss"]
[EventRounds "5"]
[EventCountry "CAN"]
[SourceTitle "EXT 2011"]
[Source "ChessBase"]
[SourceDate "2011.11.26"]
[SourceVersion "1"]
[SourceVersionDate "2011.11.26"]
[SourceQuality "1"]

1. e4 e6 2. g3 d5 3. exd5 exd5 4. Bg2 Nf6 5. d4 Bd6 6. Ne2 c6 7. O-O O-O 8. Bf4 Na6 9. Qd3 Nc7 10. Bxd6 Qxd6 11. Nf4 Ne6 12. Nxe6 Bxe6 13. Nd2 Qd7 14. c3 Bf5 15. Qf3 Ne4 16. Nxe4 Bxe4 17. Qf4 Bxg2 18. Kxg2 Rfe8 19. Rfe1 h6 20. Qd2 Rxe1 21. Rxe1 Re8 22. Rxe8+ Qxe8 23. f3 Qe7 1/2-1/2

[Event "Leap Year op"]
[Site "Vancouver CAN"]
[Date "2008.03.01"]
[Round "3.3"]
[White "Kromhout, Alexander"]
[Black "Kostin, Andrey"]
[Result "1/2-1/2"]
[WhiteElo "1858"]
[BlackElo "2007"]
[PlyCount "66"]
[GameId "2160767910413361"]
[EventDate "2008.02.29"]
[EventType "swiss"]
[EventRounds "5"]
[EventCountry "CAN"]
[SourceTitle "EXT 2011"]
[Source "ChessBase"]
[SourceDate "2011.11.26"]
[SourceVersion "1"]
[SourceVersionDate "2011.11.26"]
[SourceQuality "1"]

1. d4 Nf6 2. Nf3 e6 3. c4 b6 4. g3 Ba6 5. Qc2 Bb7 6. Bg2 c5 7. O-O Nc6 8. Rd1 cxd4 9. Nxd4 Nxd4 10. Rxd4 Bxg2 11. Kxg2 Rc8 12. b3 b5 13. Ba3 Qb6 14. e3 d5 15. Bxf8 Kxf8 16. Nd2 g6 17. Rc1 bxc4 18. bxc4 Kg7 19. c5 Qc6 20. f3 Nd7 21. Nb3 Ne5 22. Qc3 f6 23. e4 Qa6 24. Rc2 Rhd8 25. exd5 exd5 26. Qd2 Nc4 27. Rcxc4 dxc4 28. Rxd8 Rxd8 29. Qxd8 Qxa2+ 30. Nd2 c3 31. Qe7+ Kg8 32. Qe8+ Kg7 33. Qe7+ Kg8 1/2-1/2

[Event "Leap Year op"]
[Site "Vancouver CAN"]
[Date "2008.03.01"]
[Round "3.4"]
[White "Pearse, Andrew"]
[Black "Han, Yifei"]
[Result "0-1"]
[WhiteElo "1950"]
[BlackElo "1801"]
[PlyCount "68"]
[GameId "2160767910413362"]
[EventDate "2008.02.29"]
[EventType "swiss"]
[EventRounds "5"]
[EventCountry "CAN"]
[SourceTitle "EXT 2011"]
[Source "ChessBase"]
[SourceDate "2011.11.26"]
[SourceVersion "1"]
[SourceVersionDate "2011.11.26"]
[SourceQuality "1"]

1. d4 d5 2. c4 e6 3. Nc3 Nf6 4. Bg5 Be7 5. e3 h6 6. Bf4 O-O 7. Rc1 a6 8. Nf3 b6 9. cxd5 exd5 10. Bd3 Nbd7 11. O-O c5 12. Bb1 Re8 13. Qc2 Nf8 14. dxc5 Bxc5 15. Rfd1 Bg4 16. Na4 Rc8 17. Qe2 a5 18. Nxc5 bxc5 19. h3 Bh5 20. Bf5 Ne6 21. Be5 Bxf3 22. gxf3 g6 23. Bc2 Nh5 24. Bh2 Qg5+ 25. Kh1 Nd4 26. Rxd4 cxd4 27. Rg1 Qf6 28. Ba4 Re7 29. f4 Kh7 30. Qg4 Rd8 31. Bc2 Ng7 32. Bg3 Qc6 33. Bh4 Qxc2 34. Bxe7 Qe4+ 0-1

[Event "Leap Year op"]
[Site "Vancouver CAN"]
[Date "2008.03.01"]
[Round "3.5"]
[White "Li, Changhe"]
[Black "Levin, Chris"]
[Result "1-0"]
[WhiteElo "1887"]
[BlackElo "1936"]
[PlyCount "47"]
[GameId "2160767910413363"]
[EventDate "2008.02.29"]
[EventType "swiss"]
[EventRounds "5"]
[EventCountry "CAN"]
[SourceTitle "EXT 2011"]
[Source "ChessBase"]
[SourceDate "2011.11.26"]
[SourceVersion "1"]
[SourceVersionDate "2011.11.26"]
[SourceQuality "1"]

1. e4 c5 2. Nf3 e6 3. d4 cxd4 4. Nxd4 Nf6 5. Nc3 Bb4 6. Ndb5 Nxe4 7. Qg4 Bxc3+ 8. bxc3 Nf6 9. Qxg7 Rg8 10. Nd6+ Ke7 11. Qxf7+ Kxd6 12. Ba3+ Kc6 13. Be7 Qe8 14. Qxf6 b6 15. Qf3+ d5 16. Ba3 Kb7 17. c4 Nc6 18. O-O-O Ne5 19. Qc3 Nxc4 20. Bxc4 dxc4 21. Qxc4 Rxg2 22. Rd6 Rxf2 23. Qe4+ Kb8 24. Rc6 1-0

[Event "Leap Year op"]
[Site "Vancouver CAN"]
[Date "2008.03.01"]
[Round "3.6"]
[White "Kelman, Sean"]
[Black "Soliven, Joe"]
[Result "0-1"]
[WhiteElo "1860"]
[BlackElo "2017"]
[PlyCount "80"]
[GameId "2160767910413364"]
[EventDate "2008.02.29"]
[EventType "swiss"]
[EventRounds "5"]
[EventCountry "CAN"]
[SourceTitle "EXT 2011"]
[Source "ChessBase"]
[SourceDate "2011.11.26"]
[SourceVersion "1"]
[SourceVersionDate "2011.11.26"]
[SourceQuality "1"]

1. e4 e6 2. d4 d5 3. Nc3 Bb4 4. Nge2 b6 5. a3 Be7 6. e5 Ba6 7. Ng3 Bxf1 8. Rxf1 c5 9. Nce2 Nc6 10. c3 Rc8 11. Qa4 Qd7 12. Rb1 Nxe5 13. Qd1 Nc6 14. f4 f5 15. Ng1 cxd4 16. cxd4 Nf6 17. Nf3 Ne4 18. Be3 Bf6 19. Ne5 Nxe5 20. fxe5 Be7 21. Nxe4 dxe4 22. Qh5+ g6 23. Qh6 Qb5 24. Rc1 Kd7 25. Rf2 Rxc1+ 26. Bxc1 Qc4 27. Be3 Qd3 28. Rd2 Qb3 29. Kf2 Rf8 30. g3 g5 31. Ke2 f4 32. gxf4 gxf4 33. Bg1 Qc4+ 34. Ke1 Qc1+ 35. Rd1 Qxb2 36. d5 Qc3+ 37. Rd2 e3 38. Qxe6+ Kd8 39. d6 Qxd2+ 40. Kf1 e2+ 0-1

[Event "Leap Year op"]
[Site "Vancouver CAN"]
[Date "2008.03.01"]
[Round "3.7"]
[White "Leblanc, Paul"]
[Black "Botez, Alexandra"]
[Result "1-0"]
[WhiteElo "1947"]
[BlackElo "1841"]
[PlyCount "47"]
[GameId "2160767910413365"]
[EventDate "2008.02.29"]
[EventType "swiss"]
[EventRounds "5"]
[EventCountry "CAN"]
[SourceTitle "EXT 2011"]
[Source "ChessBase"]
[SourceDate "2011.11.26"]
[SourceVersion "1"]
[SourceVersionDate "2011.11.26"]
[SourceQuality "1"]

1. d4 f5 2. g3 g6 3. Bg2 Nf6 4. Nf3 Bg7 5. O-O O-O 6. c4 d6 7. Nc3 Qe8 8. Qb3 h6 9. d5 a5 10. Be3 b6 11. Nd4 Ng4 12. Ne6 Bxe6 13. dxe6 Nxe3 14. fxe3 Ra6 15. e4 Bxc3 16. Qxc3 Nc6 17. exf5 gxf5 18. e4 fxe4 19. Bxe4 Ne5 20. Qe3 Rf6 21. Rxf6 exf6 22. Qxh6 Qxe6 23. Bd5 Nf3+ 24. Kh1 1-0